000 00562cam a2200157 4500500
005 20251012020103.0
041 _afre
042 _adc
100 1 0 _aBeldame, J.
_eauthor
700 1 0 _a Munoz, M.-A.
_eauthor
245 0 0 _aLes récidives d’ongle incarné : quelle prise en charge en chirurgie secondaire ?
260 _c2025.
500 _a97
786 0 _nMédecine et chirurgie du pied | 40 | 1 | 2025-09-19 | p. 5-11 | 0759-2280
856 4 1 _uhttps://shs.cairn.info/revue-medecine-et-chirurgie-du-pied-2025-1-page-5?lang=fr&redirect-ssocas=7080
999 _c1534058
_d1534058